00708 2200229 4500001002100000005001500021020002200036035002400058040001200082082001700094084002100111090002100132100001700153245007400170260002900244300003400273500009700307650002100404700002000425850001200445990002100457YOGYA00000000009889120140823123106 a978-979-29-3295-9 0010-021400000000402 aYOPDYOG 2[22]a004.21 aDEP 004.21 Tat A aDEP 004.21 Tat A aTata Sutabri aAnalisis sistem informationb/Tata Sutabari;ceditor, Christian Putri aYogyakarta:bAndi,c2012 aviii,160 hlm.;bilus.;c23 cm aDiterbitkan atas kerjasama penerbit Andi dengan Universitas Respati Indonesia(Urindo Jkarta) aSistem Informasi aChristian Putri aYOPDYOG aCB-D.112012-1921